000 01299nam a22002657a 4500
001 7599
003 FISKH
005 20250725141606.0
008 250725b cb ||||| |||| 00| 0 eng d
020 _a9781730179723
040 _aFISKH
_beng
_cFISKH
_dFISKH
050 _aPZ7
082 _a641.3
100 _aAnonymous
245 _aMy pretty board-book of fruit and vegetables /
260 _aNewDelhi :
_bDreamland Publication,
_c2011.
300 _a14 unnumbered pages :
_bcolor illustrations ;
_c25 cm
505 _aaD
520 _aFruits & Vegetables by Dreamland Publications is a colorful board book designed to introduce young children to common fruits and vegetables. Each page features a vivid illustration of a fruit or vegetable, clearly labeled with its name in large, easy-to-read text. The book helps toddlers build early vocabulary, recognize healthy food items, and develop word-picture association skills. With its simple layout and sturdy pages, this book is perfect for little hands and ideal for first learning libraries at home or in preschool classrooms.
521 8 _a160
_bLexile estimate
521 8 _aD
_bRaz-Plus
650 _aEarly Learning
_vPreschool Vocabulary
_xFruits & Vegetables
_yPicture Book
942 _2ddc
_cBK
_n0
999 _c7599
_d7599